000 01361nam a2200337 a 4500
001 ebr10671270
003 CaPaEBR
006 m u
007 cr cn|||||||||
008 090722s2009 nyua sb 001 0 eng d
010 _z 2009287921
020 _z9781606922859 (hbk.)
020 _z1606922858 (hbk.)
020 _z9781613240724 (e-book)
040 _aCaPaEBR
_cCaPaEBR
035 _a(OCoLC)703156010
043 _an-us---
050 1 4 _aKF5640
_b.E485 2009eb
082 0 4 _a346.73046952200002
_222
245 0 4 _aThe Endangered Species Act
_h[electronic resource] :
_bprimer, evaluation and prospects /
_cHarold B. Carleton, Jr., editor.
260 _aNew York :
_bNova Science Publishers, Inc.,
_cc2009.
300 _ax, 192 p. :
_bill.
504 _aIncludes bibliographical references and index.
533 _aElectronic reproduction.
_bPalo Alto, Calif. :
_cebrary,
_d2013.
_nAvailable via World Wide Web.
_nAccess may be limited to ebrary affiliated libraries.
610 1 0 _aUnited States.
_tEndangered Species Act of 1973.
650 0 _aEndangered species
_xLaw and legislation
_zUnited States.
655 7 _aElectronic books.
_2local
700 1 _aCarleton, Harold B.
710 2 _aebrary, Inc.
856 4 0 _uhttp://site.ebrary.com/lib/rucke/Doc?id=10671270
_zAn electronic book accessible through the World Wide Web; click to view
999 _c62392
_d62392